000 00601nam a2200193 i 4500
001 bgj
245 0 0 _aOld Favorites for All Ages :
_bsongs for leaners of English /
_ccompiled by Anna Maria Malkoc.
260 _aWashington, D.C. :
_bUnited States Information Agency,
_c1991.
300 _a131 pp :
_bill. ;
_c26 cm.
505 _aIncludes musical notations.
650 9 _aMusic in education
650 9 _aFolk song
_zUnited States
655 _aCollections
700 1 _aMalkoc, Anna Maria.
_ecomp.
040 _cBPK
041 0 _aeng
942 _cKS
008 s uk f |000 0 eng
999 _c49323
_d49323
856 _uhttp://koha.tu.koszalin.pl/cgi-bin/koha/opac-detail.pl?biblionumber=49323
_yKatalog online BPK